00475caa a22001212a 4500001000900000003001100009008004300020100002000063245004700083300001600130500009900146773010800245 005656 AR-FADEU 311216n########xxu####################dd aClements, G. N. aThe internal organization of speech sounds app. 245-306 aEn: The handbook of phonological theory / John A. Goldsmith (ed.). Cambridge : Blackwell, 19950 011471abdCambridgeo03059tTHE HANDBOOK of phonological theoryw( AR-FADEU) 005649xz0-631-18062-1